Catálogo

Vista normal Vista MARC

Entrada Personal Name

Número de registros utilizados en: 1

001 - CONTROL NUMBER

  • control field: 4301

003 - CONTROL NUMBER IDENTIFIER

  • control field: DLC

005 - DATE AND TIME OF LATEST TRANSACTION

  • control field: 20221207111401.0

008 - FIXED-LENGTH DATA ELEMENTS

  • fixed length control field: 950518n| azannaabn |a aaa

010 ## - LIBRARY OF CONGRESS CONTROL NUMBER

  • LC control number: n 95049259

035 ## - SYSTEM CONTROL NUMBER

  • System control number: (OCoLC)oca03840190

040 ## - CATALOGING SOURCE

  • Original cataloging agency: DLC
  • Language of cataloging: spa
  • Description conventions: rda
  • Transcribing agency: Mx-PuUPÄ
  • Modifying agency: DLC
  • Modifying agency: OClW
  • Modifying agency: OkU
  • Modifying agency: NN
  • Modifying agency: Mx-PuUPÄ

100 1# - HEADING--PERSONAL NAME

  • Personal name: Mathews, Gordon,

372 ## - FIELD OF ACTIVITY

  • Field of activity: Antropología
  • Source of term: lcsh

374 ## - OCCUPATION

  • Occupation: Profesor universitario
  • Occupation: Autor
  • Source of term: lcsh

375 ## - GENDER

  • Gender: hombre

377 ## - ASSOCIATED LANGUAGE

  • Language code: eng

400 1# - SEE FROM TRACING--PERSONAL NAME

  • Personal name: Mashūzu, Gōdon

670 ## - SOURCE DATA FOUND

  • Source citation: What makes life worth living?, 1995:
  • Information found: CIP t.p. (Gordon Mathews) pref. (Ph.D., Cornell University)

670 ## - SOURCE DATA FOUND

  • Source citation: His Global culture/individual identity, 2000:
  • Information found: CIP t.p. (Gordon Mathews) data sheet (b. Aug. 10, 1955)

670 ## - SOURCE DATA FOUND

  • Source citation: Japan's changing generations, 2004:
  • Information found: t.p. (Gordon Mathews) p. vii (assoc. prof., Dept. of Anthropology, Chinese Univ. of Hong Kong)

670 ## - SOURCE DATA FOUND

  • Source citation: OCLC, May 17, 2010:
  • Information found: (usage: Gōdon Mashūzu)